Cotton college : (Record no. 92952)

MARC details
000 -LEADER
fixed length control field 00583nam a22001937a 4500
005 - DATE AND TIME OF LATEST TRANSACTION
control field 20150521143038.0
010 ## - LCCN (DPL NO)
LC control number ENG-112705
020 ## - INTERNATIONAL STANDARD BOOK NUMBER
International Standard Book Number 9788172132101
Terms of availability 175.00
035 ## - SYSTEM CONTROL NUMBER
System control number EN-96237
037 ## - SOURCE OF ACQUISITION
Source of stock number/acquisition DBAD/PUB
082 ## - DEWEY DECIMAL CLASSIFICATION NUMBER
Classification number N
100 ## - MAIN ENTRY--PERSONAL NAME
Personal name Baruah, Nabin
245 ## - TITLE STATEMENT
Title Cotton college :
Statement of responsibility, etc by Nabin Baruah ; translated by Indrani Laskar
Remainder of title story of an unknown cottonian /
260 ## - PUBLICATION, DISTRIBUTION, ETC. (IMPRINT)
Place of publication, distribution, etc Guwahati
Name of publisher, distributor, etc Purbanchal Prakash
Date of publication, distribution, etc 2014
270 ## - ADDRESS
Address H.N.2, Sewjee Path, Wireless,
City Guwahati
Postal code 781001
300 ## - PHYSICAL DESCRIPTION
Extent 159p.
Dimensions 21cm(pbk)
700 ## - ADDED ENTRY--PERSONAL NAME
Personal name Laskar, Indrani
942 ## - ADDED ENTRY ELEMENTS (KOHA)
Source of classification or shelving scheme Dewey Decimal Classification
Item type English Books
Call number suffix BAR
Classification part N
Holdings
Withdrawn status Lost status Not for loan Collection code Home library Current library Date acquired Source of acquisition Cost, normal purchase price Full call number Barcode Copy number Cost, replacement price Koha item type
    Not For Loan Fiction D.B.Act.Division D.B.Act.Division 15/04/2015 DBAD/PUB 175.00 N BAR EN-96237 1 175.00 English Books

© Delhi Public Library
Hit Counter
free hit counter